Statistics for Abilities In Loomian Legacy: Veils of Shadow

Click here to take the quiz!

General Stats

  • This quiz has been taken 4 times
  • The average score is 61 of 141

Answer Stats

Answer% Correct
Ability Thief
100%
Adorable
100%
Awakening
100%
Clingy
100%
Clutch
100%
Harmonize
100%
Idiosyncratic
100%
Parting Gift
100%
Premonition
100%
Resilience
100%
Rev Up
100%
Shakedown
100%
Sugar Rush
100%
Surrogate
100%
Tank
100%
Terrifying
100%
Anomaly
67%
Applied Frustration
67%
Apprehension
67%
Bloodsucker
67%
Boast
67%
Chill
67%
Circadian
67%
Combustible
67%
Communication
67%
Compliant
67%
Contact Curse
67%
Dawn
67%
Defensive Priority
67%
Driven
67%
Dusk
67%
Enchant
67%
Frail Armor
67%
Glide
67%
Guru
67%
Hard Candy
67%
Ignorant
67%
Madcap
67%
Marksman
67%
Mystery Toxins
67%
Power Napper
67%
Replicate
67%
Salvage
67%
Scorching Skin
67%
Sharp Edges
67%
Slick Shell
67%
Slimy
67%
Sly
67%
Specialization
67%
Temper
67%
Tone Deaf
67%
Toxic Filter
67%
Vengeance
67%
Volcanic
67%
Woodsman
67%
Aggressive
33%
Analyze
33%
Appetite
33%
Aqua Body
33%
Baneful
33%
Bitter Touch
33%
Brute Force
33%
Bully
33%
Burglar
33%
Bursting Seams
33%
Combative
33%
Confidence
33%
Coursing Venom
33%
Devious
33%
Drainage
33%
Enchanted Coat
33%
Expertise
33%
Fanning Flame
33%
Finesse
33%
Frenzy
33%
Gummy
33%
Handy
33%
Hasty
33%
High Explosive
33%
Immunized
33%
Incandescent
33%
Lazy
33%
Lucky
33%
Malware
33%
Mysterious Cloak
33%
Nightmarish
33%
Odd Husk
33%
Oxidize
33%
Pincer Trap
33%
Playful
33%
Power Jaw
33%
Protective Shell
33%
Pyro
33%
Quick Recovery
33%
Raging Fire
33%
Regift
33%
Repugnant
33%
Sharp Claws
33%
Staunch
33%
Sweet Touch
33%
Territorial
33%
Thriving Pace
33%
Total Eclipse
33%
Toxic Spines
33%
Toxic Touch
33%
Turbulent
33%
Two Face
33%
Vigilant
33%
Virtuoso
33%
Viscid
33%
Watcher
33%
Webbing
33%
Ace
0%
Ambush
0%
Bug Fever
0%
Caddie
0%
Chaperone
0%
Double Strike
0%
Early Bird
0%
Flutter
0%
Glutton
0%
Guardian
0%
Heavy Fists
0%
Illuminate
0%
Life Force
0%
Lightning Rod
0%
Mean Spirited
0%
Neutralize
0%
Noxious Weeds
0%
Overchraged
0%
Overshadow
0%
Prismativ
0%
Razor Sharp
0%
Rechargeable
0%
Sharp Focus
0%
Swampy
0%
Sweet Aroma
0%
Trash Amor
0%
Ungracious Host
0%
Vigorous
0%
Vivid Sight
0%

Score Distribution

Percentile by Number Answered

Percent of People with Each Score

Your Score History

You have not taken this quiz